000
00192 a2200097 4500
001
10157
100
_a
Gunther, J
245
_a
Inside Africa
260
_a
_b
Hamilton
_c
090
_c
7892
_d
7892
942
_a
NUST-CAE
_c
M
_c
34591
999
_c
245230
_d
245230